000 00445cam a22001814a 4500
005 20250605163620.0
008 250528s ||||||||||||||||||||||||d
035 _a22820
020 _a9781412941617
040 _aGR-AtMCL
_bgre
_dGR-AtMCL
_eAACR2
245 1 _aLEADERSHIP THEORY AND PRACTICE
250 _a4
260 _bNorthouse Peter G
_bSage Publications,
_c2007
300 _a395
942 _cBK
999 _c7865
_d7865